| Tag |
First Indicator |
Second Indicator |
Subfields |
| LEADER |
00000cam a2200000 4500 |
| 001 |
in00000014220 |
| 005 |
20151007052150.0 |
| 008 |
780228s1958 ge abf b 00000 ger |
| 010 |
|
|
|a 59000643
|
| 035 |
|
|
|a (OCoLC)03675740
|
| 035 |
|
|
|9 AAA6581AM
|
| 040 |
|
|
|a DLC
|c LDL
|d SER
|d m/c
|d TXA
|d UtOrBLW
|
| 049 |
|
|
|a TXAM
|c [A09623501]
|
| 050 |
0 |
0 |
|a PA25
|b .A4 no. 12
|
| 100 |
1 |
|
|a Grumach, Ernst.
|
| 245 |
1 |
0 |
|a Minoica ;
|b Festschrift zum 80 /
|c Geburtstag von Johannes Sundwall ; herausgeben von Ernst Grumach.
|
| 264 |
|
1 |
|a Berlin :
|b Akademie-Verlag,
|c 1958.
|
| 300 |
|
|
|a viii, 465 pages, 34 unnumbered pages of plates :
|b illustrations, (some folded), folded map. ;
|c 25 cm.
|
| 336 |
|
|
|a text
|b txt
|2 rdacontent
|
| 337 |
|
|
|a unmediated
|b n
|2 rdamedia
|
| 338 |
|
|
|a volume
|b nc
|2 rdacarrier
|
| 490 |
1 |
|
|a Schriften der Sektion für Altertumswissenschaft,
|v 12
|
| 504 |
|
|
|a Bibliographical footnotes.
|
| 504 |
|
|
|a "Verzeichnis der Schriften von Johannes Sundwall": pages [461]-465.
|
| 600 |
1 |
0 |
|a Sundwall, Johannes,
|d 1877-1966.
|
| 650 |
|
0 |
|a Inscriptions
|z Greece
|z Crete.
|
| 650 |
|
0 |
|a Civilization, Mycenaean.
|
| 830 |
|
0 |
|a Schriften der Sektion fur Altertumswissenschaft ;
|v 12.
|
| 999 |
|
|
|a MARS
|
| 999 |
f |
f |
|s 1f2ebde4-d415-3943-9e7d-6aa1780164c1
|i 73e9e8c4-74f8-382c-a5f7-c1918662af24
|t 0
|
| 952 |
f |
f |
|p normal
|a Texas A&M University
|b College Station
|c Sterling C. Evans Library
|d Evans: Library Stacks
|t 0
|e PA25 .A4 no.12
|h Library of Congress classification
|i unmediated -- volume
|m A14809623501
|
| 998 |
f |
f |
|a PA25 .A4 no.12
|t 0
|l Evans: Library Stacks
|